The magician's hat / (Record no. 502)

MARC details
000 -LEADER
fixed length control field 01587cam a2200385 i 4500
005 - DATE AND TIME OF LATEST TRANSACTION
control field 20230509110853.0
020 ## - INTERNATIONAL STANDARD BOOK NUMBER
International Standard Book Number 9781338114546 (jacketed hardcover : alk. paper)
040 ## - CATALOGING SOURCE
Original cataloging agency NJQ/DLC
Language of cataloging eng
Transcribing agency NJQ
Description conventions rda
Modifying agency DLC
-- FISKH
050 00 - LIBRARY OF CONGRESS CALL NUMBER
Classification number PZ7.1.M6337
Item number Mag 2018
082 04 - DEWEY DECIMAL CLASSIFICATION NUMBER
Classification number 813.6
-- E
Edition number 23
100 1# - MAIN ENTRY--PERSONAL NAME
Personal name Mitchell, Malcolm,
Dates associated with a name 1993-
Relator term author.
245 14 - TITLE STATEMENT
Title The magician's hat /
Statement of responsibility, etc. written by Malcolm Mitchell ; illustrated by Joanne Lew-Vriethoff.
250 ## - EDITION STATEMENT
Edition statement First edition.
300 ## - PHYSICAL DESCRIPTION
Extent 16 leaves of plates :
Other physical details color illustrations ;
Dimensions 29 cm.
500 ## - GENERAL NOTE
General note Originally published with a different illustrator: Athens, GA : Read with Malcolm, Inc., 2015.
505 ## - FORMATTED CONTENTS NOTE
Formatted contents note K
520 ## - SUMMARY, ETC.
Summary, etc. Today is Family Fun Day at the library, and a magician named David puts on a show with his special trick--having the children pull books out of his tall hat, books that touch their deepest dreams and unlock their hopes for their future.
521 ## - TARGET AUDIENCE NOTE
Target audience note 550 <br/>
Source Lexile
521 ## - TARGET AUDIENCE NOTE
Target audience note K <br/>
Source Raz-Plus
650 #0 - SUBJECT ADDED ENTRY--TOPICAL TERM
Topical term or geographic name entry element Magicians
Form subdivision Juvenile fiction.
650 #0 - SUBJECT ADDED ENTRY--TOPICAL TERM
Topical term or geographic name entry element Magic tricks
Form subdivision Juvenile fiction.
650 #0 - SUBJECT ADDED ENTRY--TOPICAL TERM
Topical term or geographic name entry element Books and reading
Form subdivision Juvenile fiction.
650 #0 - SUBJECT ADDED ENTRY--TOPICAL TERM
Topical term or geographic name entry element Libraries
Form subdivision Juvenile fiction.
650 #1 - SUBJECT ADDED ENTRY--TOPICAL TERM
Topical term or geographic name entry element Magicians
Form subdivision Fiction.
650 #1 - SUBJECT ADDED ENTRY--TOPICAL TERM
Topical term or geographic name entry element Magic tricks
Form subdivision Fiction.
650 #1 - SUBJECT ADDED ENTRY--TOPICAL TERM
Topical term or geographic name entry element Books and reading
Form subdivision Fiction.
650 #1 - SUBJECT ADDED ENTRY--TOPICAL TERM
Topical term or geographic name entry element Libraries
Form subdivision Fiction.
650 #1 - SUBJECT ADDED ENTRY--TOPICAL TERM
Topical term or geographic name entry element Youths' writings.
655 #7 - INDEX TERM--GENRE/FORM
Genre/form data or focus term Picture books.
Source of term lcgft
700 1# - ADDED ENTRY--PERSONAL NAME
Personal name Lew-Vriethoff, Joanne,
Relator term illustrator.
906 ## - LOCAL DATA ELEMENT F, LDF (RLIN)
a 7
b cbc
c orignew
d 1
e ecip
f 20
g y-gencatlg
942 ## - ADDED ENTRY ELEMENTS (KOHA)
Source of classification or shelving scheme Dewey Decimal Classification
Koha item type Books
Suppress in OPAC No
999 ## -
-- 502
-- 502
Holdings
Withdrawn status Lost status Source of classification or shelving scheme Damaged status Not for loan Collection Home library Current library Shelving location Date acquired Total Checkouts Full call number Barcode Date last seen Date last checked out Price effective from Koha item type
    Dewey Decimal Classification     Juvenile Fiction Footprints International School Library Network Toul Kork Campus Footprints International School Library Network Toul Kork Campus TK Primary Library Room(4th Floor), Bookcase 3&4, Shelves 17-32, Yellow Books 05/09/2023 2 MIT 813.6 PZ7.M6337 FISBT00085 06/10/2025 03/14/2025 05/09/2023 Books